{"text_format":"3","workbook":"xlsx","n_sheets":1,"sheets":["t375"],"read":"whole","date_system":"1900"}

{"sheet":"t375","index":0,"n_rows":186,"n_cols":7,"rows_kept":186,"merged":[[0,0,0,6],[30,0,30,5],[47,0,47,5],[154,0,154,5]]}
["TABELA 375.1 - Estatísticas Agrícolas, Município de Novo Horizonte, Estado de São Paulo, 2007/08."]
["ITEM","UNIDADE","N.DE UPAs","MÍNIMO","MÉDIO","MÁXIMO","TOTAL"]
["Distância à sede do município","km",{"v":1212,"d":"1,212"},0.2,{"v":12.16,"d":"12.2"},{"v":38,"d":"38.0"},"-"]
["Área total","hectare",{"v":1212,"d":"1,212"},0.5,{"v":63.24,"d":"63.2"},{"v":5151,"d":"5,151.0"},{"v":76645.3,"d":"76,645.3"}]
["Área com cultura perene","hectare",371,0.2,{"v":18.43,"d":"18.4"},{"v":600,"d":"600.0"},{"v":6837,"d":"6,837.0"}]
["Área com cultura temporária","hectare",777,0.4,{"v":58.05,"d":"58.1"},{"v":2643.72,"d":"2,643.7"},{"v":45108.62,"d":"45,108.6"}]
["Área com pastagem","hectare",720,0.3,{"v":18.37,"d":"18.4"},{"v":800,"d":"800.0"},{"v":13229.5,"d":"13,229.5"}]
["Área com reflorestamento","hectare",71,0.5,{"v":3.58,"d":"3.6"},{"v":30,"d":"30.0"},254.3]
["Área com vegetação natural","hectare",495,0.2,{"v":16.22,"d":"16.2"},{"v":1020,"d":"1,020.0"},{"v":8030.18,"d":"8,030.2"}]
["Área com vegetação de brejo e várzea","hectare",355,0.1,{"v":5.05,"d":"5.1"},{"v":100,"d":"100.0"},{"v":1793.4,"d":"1,793.4"}]
["Área em descanso","hectare",17,0.7,{"v":33.59,"d":"33.6"},166.8,571.1]
["Área complementar","hectare",882,0.1,{"v":0.93,"d":"0.9"},68.6,821.2]
["Área das UPAs com (0, 1] ha","hectare",6,0.5,{"v":0.85,"d":"0.9"},{"v":1,"d":"1.0"},5.1]
["Área das UPAs com (1, 2] ha","hectare",10,1.2,{"v":1.66,"d":"1.7"},{"v":2,"d":"2.0"},16.6]
["Área das UPAs com (2, 5] ha","hectare",96,2.1,{"v":3.76,"d":"3.8"},{"v":5,"d":"5.0"},360.6]
["Área das UPAs com (5, 10] ha","hectare",170,5.2,{"v":7.88,"d":"7.9"},{"v":10,"d":"10.0"},{"v":1339.78,"d":"1,339.8"}]
["Área das UPAs com (10, 20] ha","hectare",294,10.1,{"v":14.75,"d":"14.8"},{"v":20,"d":"20.0"},{"v":4335.7,"d":"4,335.7"}]
["Área das UPAs com (20, 50] ha","hectare",365,20.5,{"v":31.69,"d":"31.7"},49.9,{"v":11567.22,"d":"11,567.2"}]
["Área das UPAs com (50, 100] ha","hectare",139,50.5,{"v":69.71,"d":"69.7"},99.2,{"v":9689.7,"d":"9,689.7"}]
["Área das UPAs com (100, 200] ha","hectare",66,100.6,{"v":131.18,"d":"131.2"},193.8,{"v":8658,"d":"8,658.0"}]
["Área das UPAs com (200, 500] ha","hectare",45,201.4,298.5,{"v":484,"d":"484.0"},{"v":13432.6,"d":"13,432.6"}]
["Área das UPAs com (500, 1.000] ha","hectare",15,536.2,{"v":726.46,"d":"726.5"},967.9,{"v":10896.9,"d":"10,896.9"}]
["Área das UPAs com (1.000, 2.000] ha","hectare",2,{"v":1044.4,"d":"1,044.4"},{"v":1183.6,"d":"1,183.6"},{"v":1322.8,"d":"1,322.8"},{"v":2367.2,"d":"2,367.2"}]
["Área das UPAs com (2.000, 5.000] ha","hectare",3,{"v":2673.6,"d":"2,673.6"},{"v":2941.63,"d":"2,941.6"},{"v":3333.5,"d":"3,333.5"},{"v":8824.9,"d":"8,824.9"}]
["Área das UPAs com (5.000, 10.000] ha","hectare",1,{"v":5151,"d":"5,151.0"},{"v":5151,"d":"5,151.0"},{"v":5151,"d":"5,151.0"},{"v":5151,"d":"5,151.0"}]
["Área das UPAs acima de 10.000 ha","hectare","-","-","-","-","-"]
["Familiares do proprietário que trabalham na UPA","unidade",{"v":1103,"d":"1,103"},{"v":1,"d":"1.0"},{"v":1.79,"d":"1.8"},{"v":14,"d":"14.0"},{"v":1978,"d":"1,978.0"}]
["Trabalhadores permanentes","unidade",347,{"v":1,"d":"1.0"},{"v":3.36,"d":"3.4"},{"v":150,"d":"150.0"},{"v":1167,"d":"1,167.0"}]
["Fonte: Secretaria de Agricultura e Abastecimento, CDRS/IEA, Projeto LUPA."]
[]
["TABELA 375.2 - Explorações Animais, Município de Novo Horizonte, Estado de São Paulo, 2007/08."]
["ITEM","UNIDADE","N.DE UPAs","MÍNIMO","MÉDIO","MÁXIMO","TOTAL"]
["Apicultura","colmeias",1,{"v":1,"d":"1.0"},{"v":1,"d":"1.0"},{"v":1,"d":"1.0"},{"v":1,"d":"1.0"}]
["Asininos E Muares","cabeças",14,{"v":1,"d":"1.0"},{"v":11.14,"d":"11.1"},{"v":48,"d":"48.0"},{"v":156,"d":"156.0"}]
["Avestruzes e Ema (Criadouro)","cabeças",1,{"v":2,"d":"2.0"},{"v":2,"d":"2.0"},{"v":2,"d":"2.0"},{"v":2,"d":"2.0"}]
["Avicultura de Corte","cabeças/ano",1,{"v":32000,"d":"32,000.0"},{"v":32000,"d":"32,000.0"},{"v":32000,"d":"32,000.0"},{"v":32000,"d":"32,000.0"}]
["Avicultura para Ovos","cabeças",2,{"v":1,"d":"1.0"},10.5,{"v":20,"d":"20.0"},{"v":21,"d":"21.0"}]
["Bovinocultura de Corte","cabeças",68,{"v":1,"d":"1.0"},{"v":197,"d":"197.0"},{"v":2000,"d":"2,000.0"},{"v":13396,"d":"13,396.0"}]
["Bovinocultura Leiteira","cabeças",64,{"v":1,"d":"1.0"},{"v":24.17,"d":"24.2"},{"v":200,"d":"200.0"},{"v":1547,"d":"1,547.0"}]
["Bovinocultura Mista","cabeças",519,{"v":2,"d":"2.0"},{"v":21.66,"d":"21.7"},{"v":440,"d":"440.0"},{"v":11242,"d":"11,242.0"}]
["Caprinocultura","cabeças",4,{"v":1,"d":"1.0"},19.5,{"v":44,"d":"44.0"},{"v":78,"d":"78.0"}]
["Equinocultura","cabeças",459,{"v":1,"d":"1.0"},3.4,{"v":150,"d":"150.0"},{"v":1559,"d":"1,559.0"}]
["Ovinocultura","cabeças",65,{"v":1,"d":"1.0"},{"v":42.98,"d":"43.0"},{"v":330,"d":"330.0"},{"v":2794,"d":"2,794.0"}]
["Piscicultura","m² tanques",1,{"v":4500,"d":"4,500.0"},{"v":4500,"d":"4,500.0"},{"v":4500,"d":"4,500.0"},{"v":4500,"d":"4,500.0"}]
["Suinocultura","cabeças",135,{"v":2,"d":"2.0"},{"v":18.03,"d":"18.0"},{"v":210,"d":"210.0"},{"v":2434,"d":"2,434.0"}]
["Fonte: Secretaria de Agricultura e Abastecimento, CDRS/IEA, Projeto LUPA."]
[]
["TABELA 375.3 -  Máquinas, Implementos e Benfeitorias, Município de Novo Horizonte, Estado de São Paulo, 2007/08."]
["ITEM","UNIDADE","N.DE UPAs","MÍNIMO","MÉDIO","MÁXIMO","TOTAL"]
["Arado Comum (Bacia, Aiveca)","Unidade",310,{"v":1,"d":"1.0"},{"v":1.55,"d":"1.6"},{"v":20,"d":"20.0"},{"v":479,"d":"479.0"}]
["Arado Escarificador","Unidade",124,{"v":1,"d":"1.0"},{"v":1.34,"d":"1.3"},{"v":10,"d":"10.0"},{"v":166,"d":"166.0"}]
["Arado Subsolador","Unidade",14,{"v":1,"d":"1.0"},{"v":1.43,"d":"1.4"},{"v":5,"d":"5.0"},{"v":20,"d":"20.0"}]
["Batedeira de Cereais","Unidade",3,{"v":1,"d":"1.0"},{"v":1.33,"d":"1.3"},{"v":2,"d":"2.0"},{"v":4,"d":"4.0"}]
["Câmara Fria","Unidade",1,{"v":1,"d":"1.0"},{"v":1,"d":"1.0"},{"v":1,"d":"1.0"},{"v":1,"d":"1.0"}]
["Carregadeira de Cana","Unidade",12,{"v":1,"d":"1.0"},{"v":3.33,"d":"3.3"},{"v":10,"d":"10.0"},{"v":40,"d":"40.0"}]
["Colhedeira Acoplada","Unidade",5,{"v":1,"d":"1.0"},1.6,{"v":3,"d":"3.0"},{"v":8,"d":"8.0"}]
["Computador","Unidade",2,{"v":1,"d":"1.0"},{"v":1,"d":"1.0"},{"v":1,"d":"1.0"},{"v":2,"d":"2.0"}]
["Conj.Irrigação Convencional","Unidade",8,{"v":1,"d":"1.0"},{"v":1.38,"d":"1.4"},{"v":3,"d":"3.0"},{"v":11,"d":"11.0"}]
["Conj.Irrigação Pivot Central","Unidade",4,{"v":1,"d":"1.0"},{"v":2.25,"d":"2.3"},{"v":3,"d":"3.0"},{"v":9,"d":"9.0"}]
["Conj.Irrigação/Gotejamento/Microaspersão","Unidade",6,{"v":1,"d":"1.0"},{"v":1,"d":"1.0"},{"v":1,"d":"1.0"},{"v":6,"d":"6.0"}]
["Conjunto de Fenação","Unidade",3,{"v":1,"d":"1.0"},{"v":1.33,"d":"1.3"},{"v":2,"d":"2.0"},{"v":4,"d":"4.0"}]
["Desintegrador de Palha (Plantio Direto)","Unidade",5,{"v":1,"d":"1.0"},{"v":3,"d":"3.0"},{"v":10,"d":"10.0"},{"v":15,"d":"15.0"}]
["Desintegrador, Picador, Triturador","Unidade",137,{"v":1,"d":"1.0"},{"v":1.07,"d":"1.1"},{"v":3,"d":"3.0"},{"v":146,"d":"146.0"}]
["Distribuidor de Calcário","Unidade",58,{"v":1,"d":"1.0"},{"v":1.16,"d":"1.2"},{"v":8,"d":"8.0"},{"v":67,"d":"67.0"}]
["Ensiladeira","Unidade",10,{"v":1,"d":"1.0"},1.1,{"v":2,"d":"2.0"},{"v":11,"d":"11.0"}]
["Grade Aradora (Tipo Romi)","Unidade",145,{"v":1,"d":"1.0"},{"v":1.57,"d":"1.6"},{"v":9,"d":"9.0"},{"v":227,"d":"227.0"}]
["Grade Niveladora","Unidade",185,{"v":1,"d":"1.0"},{"v":1.77,"d":"1.8"},{"v":12,"d":"12.0"},{"v":328,"d":"328.0"}]
["Implementos para Tração Animal","Unidade",1,{"v":11,"d":"11.0"},{"v":11,"d":"11.0"},{"v":11,"d":"11.0"},{"v":11,"d":"11.0"}]
["Microtrator","Unidade",2,{"v":1,"d":"1.0"},{"v":1,"d":"1.0"},{"v":1,"d":"1.0"},{"v":2,"d":"2.0"}]
["Misturador de Ração","Unidade",3,{"v":1,"d":"1.0"},{"v":1,"d":"1.0"},{"v":1,"d":"1.0"},{"v":3,"d":"3.0"}]
["Ordenhadeira Mecânica","Unidade",5,{"v":1,"d":"1.0"},{"v":1,"d":"1.0"},{"v":1,"d":"1.0"},{"v":5,"d":"5.0"}]
["Pulverizador Tratorizado","Unidade",223,{"v":1,"d":"1.0"},{"v":1.31,"d":"1.3"},{"v":10,"d":"10.0"},{"v":293,"d":"293.0"}]
["Semeadeira/Adubadeira para Plantio Convencional","Unidade",8,{"v":1,"d":"1.0"},1.5,{"v":5,"d":"5.0"},{"v":12,"d":"12.0"}]
["Semeadeira/Plantadeira Plantio Direto","Unidade",51,{"v":1,"d":"1.0"},{"v":1.04,"d":"1.0"},{"v":2,"d":"2.0"},{"v":53,"d":"53.0"}]
["Terraceador","Unidade",19,{"v":1,"d":"1.0"},{"v":1.37,"d":"1.4"},{"v":3,"d":"3.0"},{"v":26,"d":"26.0"}]
["Trator de Esteiras","Unidade",4,{"v":3,"d":"3.0"},{"v":4.25,"d":"4.3"},{"v":5,"d":"5.0"},{"v":17,"d":"17.0"}]
["Trator de Pneus","Unidade",378,{"v":1,"d":"1.0"},{"v":1.84,"d":"1.8"},{"v":34,"d":"34.0"},{"v":694,"d":"694.0"}]
["Açude/Represa","Unidade",470,{"v":1,"d":"1.0"},{"v":1.29,"d":"1.3"},{"v":9,"d":"9.0"},{"v":608,"d":"608.0"}]
["Alambique","Unidade",1,{"v":1,"d":"1.0"},{"v":1,"d":"1.0"},{"v":1,"d":"1.0"},{"v":1,"d":"1.0"}]
["Almoxarifado/Oficina","Unidade",6,{"v":1,"d":"1.0"},{"v":1.33,"d":"1.3"},{"v":2,"d":"2.0"},{"v":8,"d":"8.0"}]
["Armazém para Grãos Ensacados","Sacas",3,{"v":1,"d":"1.0"},{"v":67.33,"d":"67.3"},{"v":200,"d":"200.0"},{"v":202,"d":"202.0"}]
["Balança para Bovinos","Unidade",2,{"v":1,"d":"1.0"},{"v":1,"d":"1.0"},{"v":1,"d":"1.0"},{"v":2,"d":"2.0"}]
["Balança para Veículos","Unidade",5,{"v":1,"d":"1.0"},1.2,{"v":2,"d":"2.0"},{"v":6,"d":"6.0"}]
["Barracão para Granja/Avicultura","Unidade",10,{"v":1,"d":"1.0"},2.3,{"v":6,"d":"6.0"},{"v":23,"d":"23.0"}]
["Barracão/Galpão/Garagem","Unidade",508,{"v":1,"d":"1.0"},{"v":1.25,"d":"1.3"},{"v":6,"d":"6.0"},{"v":634,"d":"634.0"}]
["Casa de Moradia Habitada","Unidade",587,{"v":1,"d":"1.0"},{"v":1.52,"d":"1.5"},{"v":22,"d":"22.0"},{"v":892,"d":"892.0"}]
["Casa de Moradia Total","Unidade",509,{"v":1,"d":"1.0"},{"v":1.63,"d":"1.6"},{"v":25,"d":"25.0"},{"v":829,"d":"829.0"}]
["Curral/Mangueira","Unidade",680,{"v":1,"d":"1.0"},{"v":1.04,"d":"1.0"},{"v":9,"d":"9.0"},{"v":709,"d":"709.0"}]
["Depósito/Tulha","Unidade",469,{"v":1,"d":"1.0"},{"v":1.12,"d":"1.1"},{"v":6,"d":"6.0"},{"v":525,"d":"525.0"}]
["Engenho","Unidade",1,{"v":1,"d":"1.0"},{"v":1,"d":"1.0"},{"v":1,"d":"1.0"},{"v":1,"d":"1.0"}]
["Estábulo","Unidade",3,{"v":1,"d":"1.0"},{"v":1,"d":"1.0"},{"v":1,"d":"1.0"},{"v":3,"d":"3.0"}]
["Estufa/Plasticultura","m²",1,{"v":2000,"d":"2,000.0"},{"v":2000,"d":"2,000.0"},{"v":2000,"d":"2,000.0"},{"v":2000,"d":"2,000.0"}]
["Fábrica de Ração","Unidade",1,{"v":1,"d":"1.0"},{"v":1,"d":"1.0"},{"v":1,"d":"1.0"},{"v":1,"d":"1.0"}]
["Instalações para Equinos","Unidade",2,{"v":1,"d":"1.0"},6.5,{"v":12,"d":"12.0"},{"v":13,"d":"13.0"}]
["Máquina de Benefício","Unidade",2,{"v":1,"d":"1.0"},{"v":1,"d":"1.0"},{"v":1,"d":"1.0"},{"v":2,"d":"2.0"}]
["Pocilga","Unidade",5,{"v":1,"d":"1.0"},1.4,{"v":3,"d":"3.0"},{"v":7,"d":"7.0"}]
["Poço Semi-Artesiano","Unidade",171,{"v":1,"d":"1.0"},{"v":1.03,"d":"1.0"},{"v":2,"d":"2.0"},{"v":176,"d":"176.0"}]
["Posto Meteorológico","Unidade",1,{"v":1,"d":"1.0"},{"v":1,"d":"1.0"},{"v":1,"d":"1.0"},{"v":1,"d":"1.0"}]
["Secador de Grãos","Unidade",1,{"v":1,"d":"1.0"},{"v":1,"d":"1.0"},{"v":1,"d":"1.0"},{"v":1,"d":"1.0"}]
["Silo para Grãos","t",1,{"v":70,"d":"70.0"},{"v":70,"d":"70.0"},{"v":70,"d":"70.0"},{"v":70,"d":"70.0"}]
["Silo para Silagem","t",3,{"v":1,"d":"1.0"},{"v":67,"d":"67.0"},{"v":100,"d":"100.0"},{"v":201,"d":"201.0"}]
["Terreiro","m²",115,{"v":1,"d":"1.0"},{"v":151.56,"d":"151.6"},{"v":1400,"d":"1,400.0"},{"v":17429,"d":"17,429.0"}]
["Usina de Açúcar/destilaria","Unidade",2,{"v":1,"d":"1.0"},{"v":1,"d":"1.0"},{"v":1,"d":"1.0"},{"v":2,"d":"2.0"}]
["Fonte: Secretaria de Agricultura e Abastecimento, CDRS/IEA, Projeto LUPA."]
[]
["TABELA 375.4 - Outras Estatísticas Agrícolas, Município de Novo Horizonte, Estado de São Paulo, 2007/08."]
["ITEM","Número de UPAs",null,"Percentual"]
["Faz Parte de Associação de Produtores",482,null,{"v":39.76897689768977,"d":"39.8"}]
["Faz Parte de Cooperativa de Produtores",677,null,{"v":55.85808580858085,"d":"55.9"}]
["Faz Parte do Sindicato de Produtores",304,null,{"v":25.082508250825082,"d":"25.1"}]
["Não utiliza assistência técnica ",98,null,{"v":8.085808580858085,"d":"8.1"}]
["Utiliza somente assistência técnica governamental ",551,null,{"v":45.462046204620464,"d":"45.5"}]
["Utiliza somente assistência técnica privada ",103,null,{"v":8.498349834983498,"d":"8.5"}]
["Utiliza assistência técnica tanto governamental quanto privada",460,null,{"v":37.95379537953795,"d":"38.0"}]
["Utiliza Crédito Rural",100,null,{"v":8.250825082508252,"d":"8.3"}]
["Utiliza Seguro Rural",51,null,{"v":4.207920792079208,"d":"4.2"}]
["Utiliza Escrituração Agrícola",216,null,{"v":17.821782178217823,"d":"17.8"}]
["Acessa Internet p/ Fins na Agropecuária",56,null,{"v":4.62046204620462,"d":"4.6"}]
["Utiliza Computador nas Atividades Agropecuárias",105,null,{"v":8.663366336633663,"d":"8.7"}]
["Utiliza Energia Elétrica Para Uso na Atividade Agrícola",842,null,{"v":69.47194719471948,"d":"69.5"}]
["Realiza Análise de Solo, quando necessário",980,null,{"v":80.85808580858085,"d":"80.9"}]
["Utiliza Práticas de Conservação de Solo, quando necessário",{"v":1084,"d":"1,084"},null,{"v":89.43894389438942,"d":"89.4"}]
["Faz Adubação Mineral, quando necessário",564,null,{"v":46.53465346534654,"d":"46.5"}]
["Faz Adubação Orgânica, quando necessário",649,null,{"v":53.54785478547855,"d":"53.5"}]
["Faz Adubação Verde, quando necessário",549,null,{"v":45.29702970297029,"d":"45.3"}]
["Utiliza Manejo Integrado de Pragas (MIP)",5,null,{"v":0.4125412541254126,"d":"0.4"}]
["Utiliza Hidroponia",2,null,{"v":0.16501650165016502,"d":"0.2"}]
["Utiliza Plasticultura",5,null,{"v":0.4125412541254126,"d":"0.4"}]
["Utiliza Mudas Fiscalizadas",321,null,{"v":26.485148514851485,"d":"26.5"}]
["Utiliza Semente Melhorada",226,null,{"v":18.646864686468646,"d":"18.6"}]
["Faz Confinamento de Bovinos",9,null,{"v":0.7425742574257426,"d":"0.7"}]
["Utiliza Pastejo Intensivo",157,null,{"v":12.953795379537954,"d":"13.0"}]
["Faz Inseminação Artificial",15,null,{"v":1.2376237623762376,"d":"1.2"}]
["Faz Mineralização do Rebanho",575,null,{"v":47.442244224422446,"d":"47.4"}]
["Faz Vermifugação do Rebanho",571,null,{"v":47.11221122112211,"d":"47.1"}]
["Possui Parceiros /Arrendatários na Exploração Animal",139,null,{"v":11.468646864686468,"d":"11.5"}]
["Esporte e lazer",1,null,{"v":0.08250825082508251,"d":"0.1"}]
["Extração mineral","-",null,"-"]
["Hotel Fazenda, Pousada ou SPA","-",null,"-"]
["Pesque-pague","-",null,"-"]
["Restaurante ou Lanchonete","-",null,"-"]
["Transformação artesanal","-",null,"-"]
["Turismo rural ou ecoturismo","-",null,"-"]
["Outras atividades econômicas rurais","-",null,"-"]
["Agroindústria",1,null,{"v":0.08250825082508251,"d":"0.1"}]
["Proprietário sem instrução ou com instrução incompleta",21,null,{"v":1.7326732673267327,"d":"1.7"}]
["Proprietário com antigo primário completo",583,null,{"v":48.102310231023104,"d":"48.1"}]
["Proprietário com 1° grau (ou antigo ginasial) completo",167,null,{"v":13.778877887788777,"d":"13.8"}]
["Proprietário com 2° grau (ou antigo colegial) completo",173,null,{"v":14.273927392739274,"d":"14.3"}]
["Proprietário com curso superior completo ",205,null,{"v":16.914191419141915,"d":"16.9"}]
["Pessoa Jurídica",63,null,{"v":5.198019801980198,"d":"5.2"}]
["Proprietário residente na própria UPA ",288,null,{"v":23.762376237623762,"d":"23.8"}]
["Fonte: Secretaria de Agricultura e Abastecimento, CDRS/IEA, Projeto LUPA."]
[]
["TABELA 375.5 - Área Cultivada, Município de Novo Horizonte, Estado de São Paulo, 2007/08."]
["CULTURA","N.DE UPAs","MÍNIMO","MÉDIO","MÁXIMO","TOTAL"]
["Cana-de-acucar",726,0.4,{"v":61.25,"d":"61.3"},{"v":2643.7,"d":"2,643.7"},{"v":44467.9,"d":"44,467.9"}]
["Braquiaria",577,0.4,{"v":20.92,"d":"20.9"},{"v":800,"d":"800.0"},{"v":12068,"d":"12,068.0"}]
["Laranja",155,{"v":1,"d":"1.0"},{"v":30.53,"d":"30.5"},{"v":600,"d":"600.0"},{"v":4731.6,"d":"4,731.6"}]
["Limao",230,0.2,{"v":5.51,"d":"5.5"},{"v":30,"d":"30.0"},{"v":1268,"d":"1,268.0"}]
["Gramas",221,0.3,{"v":5.22,"d":"5.2"},88.7,{"v":1152.9,"d":"1,152.9"}]
["Seringueira",39,0.5,{"v":14.02,"d":"14.0"},{"v":78,"d":"78.0"},546.8]
["Milho",68,0.5,{"v":7.05,"d":"7.1"},55.8,479.5]
["Eucalipto",71,0.5,{"v":3.58,"d":"3.6"},{"v":30,"d":"30.0"},254.3]
["Amendoim",10,1.2,{"v":14.35,"d":"14.4"},39.2,143.5]
["Banana",15,{"v":1,"d":"1.0"},{"v":7.01,"d":"7.0"},{"v":30,"d":"30.0"},105.2]
["Cafe",21,0.3,{"v":2.98,"d":"3.0"},12.2,62.5]
["Pupunha",4,{"v":1,"d":"1.0"},10.7,22.7,42.8]
["Coco-da-baia",5,0.8,{"v":8.24,"d":"8.2"},19.8,41.2]
["Tangerina",12,{"v":1,"d":"1.0"},{"v":2.82,"d":"2.8"},{"v":6,"d":"6.0"},33.8]
["Manga",14,{"v":1,"d":"1.0"},{"v":2.16,"d":"2.2"},{"v":4,"d":"4.0"},30.3]
["Palmito",4,0.5,{"v":3.03,"d":"3.0"},{"v":8,"d":"8.0"},12.1]
["Goiaba",4,0.8,{"v":2.45,"d":"2.5"},4.8,9.8]
["Outras gramineas para pastagem",1,8.6,8.6,8.6,8.6]
["Jaca",1,2.4,2.4,2.4,2.4]
["Viveiro de seringueira",1,2.4,2.4,2.4,2.4]
["Fruta-do-conde (ou pinha, ou anona)",2,{"v":1,"d":"1.0"},{"v":1,"d":"1.0"},{"v":1,"d":"1.0"},{"v":2,"d":"2.0"}]
["Abacaxi (ou ananas)",1,1.2,1.2,1.2,1.2]
["Arroz",1,1.2,1.2,1.2,1.2]
["Horta domestica",1,{"v":1,"d":"1.0"},{"v":1,"d":"1.0"},{"v":1,"d":"1.0"},{"v":1,"d":"1.0"}]
["Caju",1,{"v":1,"d":"1.0"},{"v":1,"d":"1.0"},{"v":1,"d":"1.0"},{"v":1,"d":"1.0"}]
["Mandioca",1,0.9,0.9,0.9,0.9]
["Outras olericolas",1,0.5,0.5,0.5,0.5]
["Alface",1,0.5,0.5,0.5,0.5]
["Berinjela",1,0.4,0.4,0.4,0.4]
["Fonte: Secretaria de Agricultura e Abastecimento, CDRS/IEA, Projeto LUPA."]